[Event "Hoogeveen op 25th"]
[Site "Hoogeveen"]
[Date "2022.10.20"]
[Round "7"]
[White "Tabak, Wesley"]
[Black "Van Houwelingen, Leo"]
[Result "0-1"]
[WhiteElo "1506"]
[BlackElo "2003"]
[PlyCount "52"]
[EventDate "2022.10.15"]
[EventType "swiss"]
[EventRounds "9"]
[EventCountry "NED"]
[SourceTitle "CBM 210 Extra"]
[Source "ChessBase"]
[SourceDate "2022.11.30"]
[SourceVersion "1"]
[SourceVersionDate "2022.11.30"]
[SourceQuality "1"]

1. e4 d6 2. d4 Nf6 3. Nc3 g6 4. f3 c6 5. Be3 Nbd7 6. Bd3 b5 7. a3 Bg7 8. Nge2 a6 9. Qd2 e5 10. dxe5 dxe5 11. b4 a5 12. 0-0 0-0 13. Na2 axb4 14. axb4 Nb6 15. Rfc1 Be6 16. c3 Bxa2 17. Rxa2 Rxa2 18. Qxa2 Qxd3 19. Bxb6 Bh6 20. Qc2 Qc4 21. Rd1 Re8 22. Rd8 Be3+ 23. Bxe3 Rxd8 24. Kf2 Ra8 25. Bh6 Ra2 26. Qd1 Ne8 0-1

[Event "Hoogeveen op 25th"]
[Site "Hoogeveen"]
[Date "2022.10.16"]
[Round "2"]
[White "De Boer, Eelke"]
[Black "Van Houwelingen, Leo"]
[Result "1-0"]
[WhiteElo "2295"]
[BlackElo "2003"]
[PlyCount "57"]
[EventDate "2022.10.15"]
[EventType "swiss"]
[EventRounds "9"]
[EventCountry "NED"]
[SourceTitle "CBM 210 Extra"]
[Source "ChessBase"]
[SourceDate "2022.11.30"]
[SourceVersion "1"]
[SourceVersionDate "2022.11.30"]
[SourceQuality "1"]

1. e4 d6 2. d4 Nf6 3. Nc3 g6 4. Be3 a6 5. Qd2 b5 6. f3 Nbd7 7. 0-0-0 Bb7 8. Kb1 Nb6 9. Bd3 Nfd7 10. h4 Bg7 11. h5 Rg8 12. d5 Ne5 13. Bd4 c5 14. dxc6 Bxc6 15. hxg6 hxg6 16. f4 Nec4 17. Bxc4 Nxc4 18. Qf2 Bxd4 19. Qxd4 Qb6 20. Nf3 0-0-0 21. b3 e5 22. Qxb6 Nxb6 23. fxe5 b4 24. Nd5 Bxd5 25. exd5 dxe5 26. Nxe5 Nxd5 27. Kb2 f6 28. Nc6 Rd7 29. Rxd5 1-0

[Event "Utrecht OKU op"]
[Site "Utrecht"]
[Date "2007.06.09"]
[Round "3.7"]
[White "Van Houwelingen, Leo"]
[Black "Kamali, Mehran"]
[Result "1/2-1/2"]
[WhiteElo "2100"]
[BlackElo "1979"]
[PlyCount "61"]
[EventDate "2007.06.08"]
[EventType "swiss"]
[EventRounds "6"]
[EventCountry "NED"]
[SourceTitle "CBM 118 Extra"]
[Source "ChessBase"]
[SourceDate "2007.07.04"]
[SourceVersion "1"]
[SourceVersionDate "2007.07.04"]
[SourceQuality "1"]

1. Nf3 c5 2. g3 g6 3. Bg2 Bg7 4. d3 e6 5. e4 Ne7 6. 0-0 Nbc6 7. c3 0-0 8. Nbd2 d6 9. Nb3 b5 10. d4 c4 11. Nbd2 Rb8 12. Re1 Qc7 13. Nf1 Bb7 14. h4 h5 15. Bg5 Nd8 16. Qd2 a5 17. Bh6 Ba8 18. Bxg7 Kxg7 19. Ng5 f6 20. Nh3 Bb7 21. Ne3 Nf7 22. Nf4 Bc8 23. Bh3 Nd8 24. Rad1 Rb6 25. Qe2 Ra6 26. Rd2 Ra7 27. Red1 Qb8 28. Bg2 Ra6 29. Nh3 Nf7 30. f4 f5 31. exf5 1/2-1/2